| 000 | 00501nam a2200193Ia 4500 | ||
|---|---|---|---|
| 003 | OSt | ||
| 005 | 20240920113805.0 | ||
| 008 | 210210b1977 xxu||||| |||| 00| 0 eng d | ||
| 040 | _cAL | ||
| 041 | _aKannada | ||
| 082 | _aK894.3 BICB | ||
| 100 |
_aBICHI. _9131320 _dಬೀಚಿ |
||
| 245 |
_aBittidde bevu. _bಬಿತ್ತಿದ್ದೆ ಬೇವು |
||
| 260 |
_aBengaluru _bHemanta Sahitya _c1977 |
||
| 300 | _a256 | ||
| 690 |
_aKannada Fiction _9131321 |
||
| 906 | _a033205 | ||
| 942 |
_2ddc _cBK |
||
| 999 |
_c84194 _d84194 |
||